Докладная записка наркома внутренних дел СССР Л. П. Берии в ЦК ВКП(б) и СНК СССР о предложении германского командования передать...

RUSMARC
00004165cbm0a2200289#x 450
00192942809-0786-41b4-abb9-09d19f145334
00520210804115501.0
100##$a20210727j19391015k###0rusy50 ca
1010#$arus
102##$aRU
1220#$ad19391015##
2001#$aДокладная записка наркома внутренних дел СССР Л. П. Берии в ЦК ВКП(б) и СНК СССР о предложении германского командования передать частям РККА военнопленных украинцев и белорусов
$j15 октября 1939 г.
251##$cДокумент
300##$aПодлинник
461#0$12001
$aФ. 33987
$1251
$cФонд
$1852
$j33987
462#0$12001
$aОп. 3а
$1251
$cОпись
$1852
$j
462#0$12001
$aД. 1241
$vЛ. 108
$1251
$cДело
$1852
$j1241
605##$2prlib_sh
$3LIBNET\UAF\0000088514
$aВторая мировая война в архивных документах (Комплекс оцифрованных архивных документов, кино- и фотоматериалов)
$lколлекция
617##$2prlib_sh
$aСССР
$f1939
617##$2prlib_sh
$aГермания
$f1939
686##$a63.3(2)621-64
$vLBC/M
$2rubbk
686##$a63.3(4Гем)6-64
$vLBC/M
$2rubbk
801#0$aRU
$bПБ им. Б.Н. Ельцина
$c20210727
801#1$aRU
$bПБ им. Б.Н. Ельцина
$c20210727
$2rusmarc
801#2$aRU
$bПБ им. Б.Н. Ельцина
$c20210804
$2rusmarc
850##$aРоссийский государственный военный архив
852##$aРГВА
$jЛ. 108
035##$aLIBNET\0001171199
937##$d166917453
$hФедеральное архивное агентство
8564#$uhttp://readingroom.main.prlib.ru/item.aspx?id_node=n166917453&mode=full
Формат отображения